000 00650nam a2200205 4500
001 133313
003 ES-MaACL
005 20250824091622.0
007 t|
008 070214s1944 ag r ||||1| spa d
100 0 _aRoth, Joseph,
_d1894-1939
_999952
245 1 0 _aJob /
_cJoseph Roth ; traducción y prólogo de Alfonso Maura.
260 _aBuenos Aires :
_bSiglo Veinte,
_c1944.
300 _a199 p. ;
_c20 cm.
490 1 _aGrandes novelistas contemporáneos
700 1 _aMaura, Alfonso
_979215
830 0 _aGrandes novelistas contemporáneos
_9219721
852 _aES-MaACL
_jD-7880
_bR.28892
999 _c133313
_d133313